| 000 | 00963namaa2200301 cb4500 | ||
|---|---|---|---|
| 001 | BV005305351 | ||
| 003 | DE-70 | ||
| 005 | 20260409160540.0 | ||
| 006 | m|||| o||u| |||||| | ||
| 007 | tu | ||
| 007 | 7 | ||
| 008 | 920527s1980 a||| |||| 00||| und d | ||
| 020 |
_a9781399511315 _9978-1-3995-1131-5 |
||
| 024 |
_a9781399511315 _a978-1-3995-1131-5 |
||
| 040 | _cRU-10907106 | ||
| 041 | _aeng | ||
| 100 |
_aLiew, Han Hsien _4aut _969040 |
||
| 245 |
_aPreaching Pious Rulership in Medieval Islam _bIbn al-Jawzi's Political Thought |
||
| 264 |
_aEdinburgh _bEdinburgh University Press _c2026 |
||
| 300 | _a320 Seiten | ||
| 336 |
_2rdacontent _aText _btxt |
||
| 337 |
_2rdamedia _aComputermedien _bbc |
||
| 338 |
_2rdacarrier _aOnline Ressource _bcr |
||
| 490 | _aEdinburgh Studies in Classical Islamic History and Culture | ||
| 500 | _aE-Book / Zugriff nur im Lesesaal | ||
| 856 |
_zVolltext _uhttp://www.degruyterbrill.com/isbn/9781399511315 |
||
| 942 |
_cEB _2z |
||
| 999 |
_c74068 _d74068 |
||